<?xml version="1.0" encoding="UTF-8"?>
<record
    xmlns:xsi="http://www.w3.org/2001/XMLSchema-instance"
    xsi:schemaLocation="http://www.loc.gov/MARC21/slim http://www.loc.gov/standards/marcxml/schema/MARC21slim.xsd"
    xmlns="http://www.loc.gov/MARC21/slim">

  <leader>     nam a22     7a 4500</leader>
  <datafield tag="999" ind1=" " ind2=" ">
    <subfield code="c">7177</subfield>
    <subfield code="d">7177</subfield>
  </datafield>
  <controlfield tag="003">OSt</controlfield>
  <controlfield tag="005">20181108171940.0</controlfield>
  <controlfield tag="008">181108s2018    spc|||||r|||||0|| 0 cat|d</controlfield>
  <datafield tag="017" ind1=" " ind2=" ">
    <subfield code="a">DL B 4268-2018</subfield>
    <subfield code="b">Biblioteca de Catalunya</subfield>
  </datafield>
  <datafield tag="020" ind1=" " ind2=" ">
    <subfield code="a">9788416853199</subfield>
  </datafield>
  <datafield tag="040" ind1=" " ind2=" ">
    <subfield code="a">ES-ScvANC</subfield>
    <subfield code="b">cat</subfield>
    <subfield code="c">CDMR</subfield>
  </datafield>
  <datafield tag="245" ind1="0" ind2="2">
    <subfield code="a">L'Aven&#xE7; </subfield>
    <subfield code="b">: 40 + 10 : hist&#xF2;ria, cultura, mem&#xF2;ria /</subfield>
    <subfield code="c">edici&#xF3; de Joaquim Noguero</subfield>
  </datafield>
  <datafield tag="260" ind1=" " ind2=" ">
    <subfield code="a">Barcelona :</subfield>
    <subfield code="b">L'Aven&#xE7;,</subfield>
    <subfield code="c">2016</subfield>
  </datafield>
  <datafield tag="300" ind1=" " ind2=" ">
    <subfield code="a">109 p. :</subfield>
    <subfield code="b">fotografies ;</subfield>
    <subfield code="c">22 cm</subfield>
  </datafield>
  <datafield tag="500" ind1=" " ind2=" ">
    <subfield code="a">Cat&#xE0;leg de l'exposici&#xF3; organitzada per Biblioteques de Barcelona a la Biblioteca Jaume Fuster del 19 d'octubre del 2017 al 14 de gener de 2018, amb la col&#xB7;laboraci&#xF3; Fundaci&#xF3; Carulla i Instituci&#xF3; de les Lletres Catalanes</subfield>
  </datafield>
  <datafield tag="630" ind1="0" ind2="7">
    <subfield code="a">Aven&#xE7;</subfield>
    <subfield code="x">Hist&#xF2;ria</subfield>
    <subfield code="2">lemac </subfield>
  </datafield>
  <datafield tag="650" ind1=" " ind2="7">
    <subfield code="a">Revistes catalanes</subfield>
    <subfield code="x">Hist&#xF2;ria</subfield>
    <subfield code="2">lemac</subfield>
    <subfield code="9">4401</subfield>
  </datafield>
  <datafield tag="650" ind1="0" ind2="7">
    <subfield code="a">Editors</subfield>
    <subfield code="z">Catalunya</subfield>
    <subfield code="x">Hist&#xF2;ria</subfield>
    <subfield code="2">lemac</subfield>
    <subfield code="9">3457</subfield>
  </datafield>
  <datafield tag="700" ind1="1" ind2=" ">
    <subfield code="a">Noguero, Joaquim,</subfield>
    <subfield code="d">1964-,</subfield>
  </datafield>
  <datafield tag="710" ind1="2" ind2=" ">
    <subfield code="a">Fundaci&#xF3; Carulla Font,</subfield>
  </datafield>
  <datafield tag="942" ind1=" " ind2=" ">
    <subfield code="c">MON</subfield>
  </datafield>
  <datafield tag="952" ind1=" " ind2=" ">
    <subfield code="0">0</subfield>
    <subfield code="1">0</subfield>
    <subfield code="4">0</subfield>
    <subfield code="7">0</subfield>
    <subfield code="a">CDMR</subfield>
    <subfield code="b">CDMR</subfield>
    <subfield code="d">2018-11-08</subfield>
    <subfield code="e">Intercanvi</subfield>
    <subfield code="g">15.00</subfield>
    <subfield code="l">0</subfield>
    <subfield code="o">Du 9/54</subfield>
    <subfield code="p">CDMR18111617</subfield>
    <subfield code="r">2018-11-08</subfield>
    <subfield code="v">15.00</subfield>
    <subfield code="w">2018-11-08</subfield>
    <subfield code="y">MON</subfield>
  </datafield>
</record>
